Percy Jackson Ultimate Character Quiz - Statistics

General Stats
  • This quiz has been taken 155 times
  • The average score is 63 of 79
Answer Stats
Info Answer % Correct
Girlfriend of the above Annabeth Chase
100%
Satyr friend of the above 2 Grover Underwood
100%
Main character who we know and love Percy Jackson
100%
Child of Hades, fan favourite Nico di Angelo
99%
God of war Ares
98%
Goddess of the hunt Artemis
98%
Dead sister of the above Bianca di Angelo
98%
God of the underworld Hades
98%
Queen of the gods Hera
98%
Main character's mother Sally Jackson
98%
Old friend of Annabeth and Luke Thalia Grace
98%
Half brother of the main character Tyson
98%
King of the gods Zeus
98%
Goddess of beauty Aphrodite
97%
God of archery (and bad haikus) Apollo
97%
Goddess of wisdom Athena
97%
Goddess of the harvest Demeter
97%
God of wine Dionysus
97%
Main characters 1st stepdad Gabe Ugliano
97%
God of messengers Hermes
97%
Brother of the above Jason Grace
97%
Antagonist #1 Kronos
97%
Roman form of the above Neptune
97%
Main characters 2nd stepdad Paul Blofis
97%
Girlfriend of the above Piper McLean
97%
Main character's father Poseidon
97%
Antagonist #2 Luke Castellan
96%
CHB camp bully Clarisse LaRue
94%
Girlfriend of above, chosen one of Hecate Hazel Levesque
94%
Director of activities at CHB Chiron
93%
God of the wild Pan
93%
Main character's pegasus Blackjack
92%
Goddess of the rainbow Iris
92%
Oracle at CHB Rachel Elizabeth Dare
92%
Old lieutenant of Artemis Zoe Nightshade
92%
Shapeshifting child of Mars Frank Zhang
91%
Maker of the Argo II Leo Valdez
91%
Earth Mother Gaia
89%
God of the forge Hephaestus
89%
Goddess of the hearth Hestia
89%
Main character's hellhound Mrs O'Leary
88%
Best friend of above Silena Beauregard
88%
Child of Apollo, solangelo Will Solace
88%
Boyfriend of above Charles Beckendorf
87%
Girlfriend of Leo Calypso
85%
Goddess of magic Hecate
85%
Goddess of revenge Nemesis
85%
Inventor of the labyribth Daedalus
83%
Bronze dragon Festus
83%
What Percy calls the above Bob
82%
Girlfriend of Grover Juniper
82%
Praetor of CJ Reyna Avila Ramirez-Arellano
82%
Creepy augur of CJ Octavian
75%
Goddess of victory Nike
74%
An eye for an eye Ethan Nakamura
73%
Son of Dionysus Pollux
72%
Son of Dionysus Castor
71%
God of sleep Hypnos
70%
God of dreams Morpheus
67%
Goddess of night Nyx
67%
Old Aphrodite counsellor Drew Tanaka
65%
Troublemaker twins Travis and Connor Stoll
61%
God of the pit Tartarus
60%
God of death Thanatos
60%
Child of Demeter Katie Gardner
59%
Chaperone of the seven Coach Hedge
58%
The friendly titan Iapetus
56%
Guardian of the Athena Parthenos Arachne
52%
Hunter of Artemis Phoebe
51%
Evil snow goddes Khione
50%
Child of Apollo Michael Yew
50%
Goddess of youth Hebe
45%
Wife of above Mellie
44%
Old sky god Ouranos
36%
The friendly giant Damasen
28%
Brother of above Calais
27%
Brother of above Zethes
25%
Goddess of chance Tyche
24%
Son of Midas Lityerses
19%
No matching quizzes found
Score Distribution
Percent of People with Each Score
Percentile by Number Answered
Your Score History
You have not taken this quiz